| 000 -LEADER |
| fixed length control field |
00649cam a2200229 i 4500 |
| 003 - CONTROL NUMBER IDENTIFIER |
| control field |
OSt |
| 005 - DATE AND TIME OF LATEST TRANSACTION |
| control field |
20200312045808.0 |
| 008 - FIXED-LENGTH DATA ELEMENTS--GENERAL INFORMATION |
| fixed length control field |
130426t20142014maua 001 0 eng |
| 020 ## - INTERNATIONAL STANDARD BOOK NUMBER |
| International Standard Book Number |
9789332549869 (alk. paper) |
| 040 ## - CATALOGING SOURCE |
| Original cataloging agency |
DLC |
| Language of cataloging |
eng |
| Transcribing agency |
DLC |
| Description conventions |
rda |
| Modifying agency |
DLC |
| 042 ## - AUTHENTICATION CODE |
| Authentication code |
pcc |
| 082 00 - DEWEY DECIMAL CLASSIFICATION NUMBER |
| Classification number |
624.17 |
| Edition number |
23 |
| Item number |
SCH |
| 100 1# - MAIN ENTRY--PERSONAL NAME |
| Personal name |
Schodek, Daniel L., |
| Dates associated with a name |
1941- |
| 245 10 - TITLE STATEMENT |
| Title |
Structures. |
| 250 ## - EDITION STATEMENT |
| Edition statement |
7th ed / |
| Remainder of edition statement |
Daniel L. Schodek, Martin Bechtold. |
| 300 ## - PHYSICAL DESCRIPTION |
| Extent |
xiii, 549 pages : |
| Other physical details |
illustrations ; |
| Dimensions |
29 cm |
| 500 ## - GENERAL NOTE |
| General note |
Includes index. |
| 650 #0 - SUBJECT ADDED ENTRY--TOPICAL TERM |
| Topical term or geographic name as entry element |
Structural analysis (Engineering) |
| 650 #0 - SUBJECT ADDED ENTRY--TOPICAL TERM |
| Topical term or geographic name as entry element |
Structural design. |
| 700 1# - ADDED ENTRY--PERSONAL NAME |
| Personal name |
Bechthold, Martin. |
| 942 ## - ADDED ENTRY ELEMENTS (KOHA) |
| Source of classification or shelving scheme |
|